Drogéria vedie v televízii
Reklama kozmetiky v jednotlivých kategóriách reklamy (televízia, rozhlas, časopisy, noviny, vonkajšia reklama). Poradie najväčších kozmetických spoločností podľa investícií do reklamy za január - október 1997. Kľúčové produkty, do ktorých spoločnosti investujú prostriedky na reklamu.
Guardado en:
| Formato: | Libro |
|---|---|
| Lenguaje: | eslovaco |
| Materias: | |
| Etiquetas: |
Sin Etiquetas, Sea el primero en etiquetar este registro!
|
MARC
| LEADER | 00000nam a2200000 4500 | ||
|---|---|---|---|
| 001 | r030140 | ||
| 005 | 20230922094637.5 | ||
| 041 | 0 | |a slo | |
| 044 | |a SK | ||
| 245 | 1 | 0 | |a Drogéria vedie v televízii |
| 520 | |a Reklama kozmetiky v jednotlivých kategóriách reklamy (televízia, rozhlas, časopisy, noviny, vonkajšia reklama). Poradie najväčších kozmetických spoločností podľa investícií do reklamy za január - október 1997. Kľúčové produkty, do ktorých spoločnosti investujú prostriedky na reklamu. | ||
| 610 | 2 | 0 | |a kozmetika |
| 610 | 2 | 0 | |a reklama |
| 610 | 2 | 0 | |a marketing |
| 610 | 2 | 0 | |a Slovensko |
| 610 | 2 | 0 | |a 1997 |
| 610 | 2 | 0 | |a január-október |